| 000 | 00666nam a22001457a 4500 | ||
|---|---|---|---|
| 003 | OSt | ||
| 005 | 20150918164415.0 | ||
| 008 | 150918b xxu||||| |||| 00| 0 eng d | ||
| 040 | _cRUA | ||
| 082 | _aAGR NGU 2005 B032 Or.1 | ||
| 100 |
_9796 _aNGUON HAING |
||
| 245 | _aIntegrated farming system of lutheran world federation in phnom sruoch district,kompong speu province,(ប្រព័ន្ធកសិកម្មចំរុះរបស់អង្គការលូថេរ៉ានបំរើពិភពលោក នៅស្រុកភ្នំស្រួច ខេត្តកំពង់ស្ពឺ) | ||
| 300 |
_axi,46p. _cill. _g29cm. |
||
| 942 |
_2ddc _cAGR |
||
| 999 |
_c767 _d767 |
||